La Psicología social costarricense: realidad y perspectivas /
Realizar un balance de lo que ha sido la práctica de la Psicología Social costarricense en las últimas dos décadas e intentar una visón crítica de sus retos y perspectivas de cara al siglo XXI, es necesario enmarcar dicha reflexión en el ámbito más general de la discusión sobre la modernidad, su emp...
Guardado en:
| Hovedforfatter: | |
|---|---|
| Format: | Texto |
| Fag: | |
| Tags: |
Tilføj Tag
Ingen Tags, Vær først til at tagge denne postø!
|
MARC
| LEADER | 00000 a a2200000 04500 | ||
|---|---|---|---|
| 001 | 13514 | ||
| 003 | |||
| 040 | |||
| 100 | |a Robert Jiménez, Jaime R. | ||
| 245 | |a La Psicología social costarricense: |b realidad y perspectivas / |c Jaime R. Robert Jiménez | ||
| 520 | |a Realizar un balance de lo que ha sido la práctica de la Psicología Social costarricense en las últimas dos décadas e intentar una visón crítica de sus retos y perspectivas de cara al siglo XXI, es necesario enmarcar dicha reflexión en el ámbito más general de la discusión sobre la modernidad, su empuje posmodernista y su significación en el balance gnoseológico y ético de la práctica de la psicología social. Todo ello dentro del marco de la globalización neoliberal y el colapso del Estado de responsabilidad social en que las culturas mestizas como la costarricense y formaciones periférico dependientes se encuentran inmersas. Al hablar de la delimitación y construcción de lo psicosocial se remite a los problemas conceptuales que se encuentran en la temática de la significación social de la actividad humana y en especial en las categorías de sujeto, actividad e ideología con las cuales se ha establecido la especificidad de la disciplina. Posteriormente se da un enfoque sobre la modernidad y su importancia en la psicología social |a se agrega que sus raíces se dieron en el siglo de las luces, como un proyecto de racionalización creciente de la vida |a con el triunfo de la modernidad se inició a los grandes sistemas teóricos globalizantes que caracterizaron al siglo XIX |a luego se brinda una evolución histórica de la disciplina, enfatizando en los principales elementos que la constituyen como tal, su desarrollo a lo largo del siglo XX y finalmente el papel que debe jugar de cara al nuevo milenio. OB/LOB | ||
| 650 | |a CIENCIAS SOCIALES | ||
| 650 | |a PSICOLOGIA SOCIAL | ||
| 650 | |a ASPECTOS PSICOLOGICOS | ||
| 650 | |a ANALISIS HISTORICO | ||
| 650 | |a IDEOLOGIAS | ||
| 650 | |a NEOLIBERALISMO | ||
| 650 | |a ESTADO | ||
| 773 | |g número 55; páginas 27-38 | ||
| 999 | |c 26905 |d 26905 | ||
